[Event "ch-AUS 2024"]
[Site "Adelaide AUS"]
[Date "2024.01.09"]
[Round "9.2"]
[White "Litchfield, Frederick"]
[Black "Melamed, Daniel"]
[Result "1-0"]
[WhiteTitle "FM"]
[BlackTitle "CM"]
[WhiteElo "2176"]
[BlackElo "1988"]
[WhiteFideId "3218295"]
[BlackFideId "3229076"]
[EventDate "2024.01.02"]
[EventType "swiss"]

1. d4 Nf6 2. c4 e6 3. Nc3 Bb4 4. e3 O-O 5. Ne2 d5 6. a3 Bd6 7. Ng3 c6 8. cxd5
exd5 9. Bd3 Re8 10. Qc2 Nbd7 11. Bd2 Nf8 12. Nce2 a5 13. a4 Qe7 14. f3 c5 15.
O-O c4 16. Bf5 g6 17. Bxc8 Raxc8 18. Rae1 Qc7 19. e4 Qb6 20. Bc3 Ne6 21. Kh1 Bb4
22. e5 Nd7 23. f4 f5 24. exf6 Nxf6 25. f5 Nf8 26. Nf4 Kg7 27. Qf2 Qd6 28. fxg6
hxg6 29. Nfh5+ Nxh5 30. Nxh5+ gxh5 31. Qf7+ Kh6 32. Rxe8 Rxe8 33. Qxe8 Ng6 34.
Rf7 1-0

[Event "ch-AUS 2024"]
[Site "Adelaide AUS"]
[Date "2024.01.09"]
[Round "9.3"]
[White "Liu, Yi"]
[Black "Tao, Trevor"]
[Result "1-0"]
[WhiteTitle "FM"]
[BlackTitle "IM"]
[WhiteElo "2260"]
[BlackElo "2364"]
[WhiteFideId "3210588"]
[BlackFideId "3201961"]
[EventDate "2024.01.02"]
[EventType "swiss"]

1. d4 Nf6 2. Nf3 e6 3. Bf4 b6 4. e3 Bb7 5. Nbd2 Be7 6. h3 O-O 7. Bd3 d5 8. Ne5
Ne4 9. Nxe4 dxe4 10. Be2 Bd6 11. O-O Nd7 12. a4 a5 13. c3 Bxe5 14. dxe5 Nc5 15.
Qc2 Qe7 16. Rfd1 Bd5 17. Ra3 Rfd8 18. Rd4 h6 19. Bg3 Rac8 20. h4 Nd7 21. h5 Kh8
22. Ra1 Nc5 23. b4 Nd7 24. Rxe4 Bxe4 25. Qxe4 f6 26. Bh4 Qf7 27. f4 Nf8 28. exf6
gxf6 29. Rb1 Rd2 30. Bf3 Rcd8 31. bxa5 bxa5 32. Rb5 R8d5 33. c4 Rxb5 34. cxb5
Ra2 35. Kh2 Kg7 36. Be1 Nd7 37. Qc4 Ra1 38. Bxa5 Nb6 39. Bxb6 cxb6 40. Qd4 Ra3
41. Qxb6 Rxa4 42. Qd6 Ra7 43. b6 Rd7 44. Qc6 Rd8 45. b7 Qe7 46. Kh3 Kf7 47. g4
Kg7 48. Qc8 Qd6 49. Qc2 Kh8 50. Qg6 Qf8 51. Bc6 Rb8 52. Kg3 Qg7 53. Kf3 Qf8 54.
Ke2 Rd8 55. Be4 Qg7 56. Qxg7+ Kxg7 57. Bc6 Rb8 58. Kd3 Kf7 59. Kc4 Ke7 60. Kc5
Rd8 61. Bb5 1-0

[Event "ch-AUS 2024"]
[Site "Adelaide AUS"]
[Date "2024.01.09"]
[Round "9.4"]
[White "Asaka, Samuel"]
[Black "Nguyen Hong Anh"]
[Result "1-0"]
[BlackTitle "WIM"]
[WhiteElo "2125"]
[BlackElo "2020"]
[WhiteFideId "3228690"]
[BlackFideId "12406732"]
[EventDate "2024.01.02"]
[EventType "swiss"]

1. Nf3 d5 2. d4 Nf6 3. c4 e6 4. g3 Be7 5. Bg2 O-O 6. O-O dxc4 7. Qc2 a6 8. a4
Nbd7 9. Nbd2 c5 10. Nxc4 cxd4 11. Rd1 Qc7 12. Bf4 Qc5 13. Nxd4 Nb6 14. Nxb6 Qxb6
15. a5 Qa7 16. Rac1 Nd5 17. Nf5 Bb4 18. Bd6 Bxd6 19. Nxd6 Bd7 20. Bxd5 exd5 21.
Rxd5 Bc6 22. Rh5 g6 23. Rh4 Qb8 24. Qd2 Rd8 25. Rd4 Qc7 26. Rd1 Rdb8 27. Qh6 f6
28. Qf4 Rf8 29. Qd2 Rad8 30. b4 Rd7 31. Qa2+ Kg7 32. Qe6 Re7 33. Qc4 Qd7 34. g4
Qe6 35. Qxe6 Rxe6 36. e4 Kg8 37. f3 Rd8 38. Kf2 Kf8 39. h4 Rd7 40. Kg3 Ba4 41.
R1d2 Rc7 42. Nc4 Bb5 43. Nb6 Rc1 44. Rd8+ Kg7 45. Rb8 Rg1+ 46. Kh2 Rf1 47. Rxb7+
Kh6 48. Kg2 Rc6 49. Nd5 Rcc1 50. Nxf6 g5 51. Ng8+ 1-0

[Event "ch-AUS 2024"]
[Site "Adelaide AUS"]
[Date "2024.01.09"]
[Round "9.5"]
[White "Phan, Nguyen Mai Chi"]
[Black "Le, Tri Kien"]
[Result "0-1"]
[WhiteTitle "WFM"]
[BlackTitle "CM"]
[WhiteElo "2122"]
[BlackElo "2243"]
[WhiteFideId "12401684"]
[BlackFideId "12411027"]
[EventDate "2024.01.02"]
[EventType "swiss"]

1. d4 Nf6 2. c4 e6 3. g3 d5 4. Bg2 Bb4+ 5. Bd2 Bd6 6. Nf3 c6 7. O-O Nbd7 8. Qc2
O-O 9. Nc3 dxc4 10. Bg5 h6 11. Bxf6 Qxf6 12. Ne4 Qg6 13. Rac1 Bc7 14. Ned2 Qxc2
15. Rxc2 e5 16. Nxc4 exd4 17. Nxd4 Ne5 18. Nd2 Bd7 19. N2b3 Rad8 20. e3 Bc8 21.
a3 Rfe8 22. Rfc1 Bb6 23. Ra1 h5 24. Be4 Ng4 25. Bf3 Nxe3 26. fxe3 Re6 27. e4
Rxe4 28. Rc3 Re6 29. Rd1 Red6 30. Re3 Be6 31. Kg2 Bxd4 32. Nxd4 Rxd4 33. Rxd4
Rxd4 34. Bxh5 Rd2+ 35. Re2 Rxe2+ 36. Bxe2 f5 37. Kf3 Kf7 38. h4 Kf6 39. Kf4 c5
40. Bf3 b5 41. Bc6 b4 42. axb4 cxb4 43. Ba4 a5 44. Bc2 g6 45. Ba4 Bc8 46. Bc6
Ba6 47. g4 fxg4 48. Kxg4 Bd3 49. Ba4 Bb1 50. Kf4 Bf5 51. Bd1 Bd7 52. Ke4 a4 53.
Kd4 Be8 54. Kc4 b3 55. Kb4 Kf5 56. Be2 Kf4 57. Bd1 Kg3 58. h5 gxh5 59. Bxh5 Bxh5
60. Kxa4 Bd1 61. Kb4 Kf2 62. Kc3 Ke1 63. Kd3 Bc2+ 64. Kc3 Kd1 65. Kc4 Kc1 66.
Kc3 Kb1 67. Kd4 0-1

[Event "ch-AUS 2024"]
[Site "Adelaide AUS"]
[Date "2024.01.09"]
[Round "9.6"]
[White "Zhang, Jilin"]
[Black "Lane, Gary W"]
[Result "1/2-1/2"]
[WhiteTitle "WGM"]
[BlackTitle "IM"]
[WhiteElo "2170"]
[BlackElo "2342"]
[WhiteFideId "8602867"]
[BlackFideId "3203301"]
[EventDate "2024.01.02"]
[EventType "swiss"]

1. e4 e5 2. Nf3 Nc6 3. d4 exd4 4. Nxd4 Bc5 5. Nxc6 bxc6 6. Nc3 Ne7 7. Qh5 d6 8.
Na4 Bd4 9. Bg5 h6 10. Bh4 g5 11. Rd1 Ng6 12. Bg3 Qf6 13. Be2 Kf8 14. Rd3 Ba6 15.
Rd2 Bb5 16. Bxb5 cxb5 17. Nc3 Bxc3 18. bxc3 Qxc3 19. Qe2 Qc4 20. Qxc4 bxc4 21.
Rd4 h5 22. h3 h4 23. Bh2 Ke7 24. Rxc4 Kd7 25. f4 gxf4 26. O-O a5 27. Bxf4 Rab8
28. e5 dxe5 29. Bd2 Rh7 30. Bxa5 Rb7 31. Bd2 Ke6 32. a4 Kd5 33. Rc3 Ra7 34. a5
Ke6 35. Rcf3 Nf4 36. Re1 Nd5 37. c4 Ne7 38. Ra3 Ra6 39. Rb3 Nc6 40. Rb5 f6 41.
Rd5 Rd7 42. Rf1 Nd4 43. Rxd7 Kxd7 44. Be1 f5 45. Kh2 Ke6 46. Bxh4 Rxa5 47. Bd8
Rc5 48. Rc1 f4 49. h4 e4 50. Kh3 Kf5 51. g4+ fxg3 52. Rf1+ Ke6 53. Re1 Ke5 54.
h5 Nf3 55. Rd1 Kf4 56. Rd5 Rxc4 57. Rd7 e3 58. Bxc7+ Rxc7 59. Rxc7 e2 60. Rc4+
Ke3 61. Rc1 e1=Q 62. Rxe1+ Nxe1 63. Kxg3 1/2-1/2

[Event "ch-AUS 2024"]
[Site "Adelaide AUS"]
[Date "2024.01.09"]
[Round "9.7"]
[White "Ryjanova, Julia"]
[Black "Lee, Aaron James"]
[Result "1-0"]
[WhiteTitle "WGM"]
[WhiteElo "2285"]
[BlackElo "2051"]
[WhiteFideId "4127714"]
[BlackFideId "3232409"]
[EventDate "2024.01.02"]
[EventType "swiss"]

1. d4 Nf6 2. Nf3 e6 3. c4 c5 4. e3 d5 5. a3 a6 6. dxc5 Bxc5 7. b4 Bd6 8. Nbd2
O-O 9. Bb2 Nc6 10. Bd3 Qe7 11. Qc2 Rd8 12. Rd1 h6 13. O-O Bd7 14. e4 dxe4 15.
Nxe4 Nxe4 16. Bxe4 Be8 17. Rfe1 Rac8 18. Qb3 Bb8 19. Bb1 Rxd1 20. Qxd1 Rd8 21.
Qc2 g6 22. b5 axb5 23. cxb5 Na7 24. Qc3 e5 25. a4 Nc8 26. Nxe5 Bxe5 27. Qxe5
Qxe5 28. Bxe5 Bd7 29. Bc7 Re8 30. Rxe8+ Bxe8 31. Be4 Na7 32. Bxb7 Nxb5 33. axb5
Bxb5 34. Be5 f5 35. Bd5+ Kh7 36. Bf7 g5 37. h3 Be2 38. Bf6 Bd3 39. Kh2 Bb5 40.
h4 gxh4 41. Kh3 Bf1 42. Bh5 1-0

[Event "ch-AUS 2024"]
[Site "Adelaide AUS"]
[Date "2024.01.09"]
[Round "9.8"]
[White "Rodgers, Jack"]
[Black "Soo, Kai Jie"]
[Result "0-1"]
[WhiteTitle "FM"]
[BlackTitle "FM"]
[WhiteElo "2059"]
[BlackElo "2058"]
[WhiteFideId "3220885"]
[BlackFideId "5803454"]
[EventDate "2024.01.02"]
[EventType "swiss"]

1. d4 Nf6 2. Bg5 d5 3. Bxf6 exf6 4. e3 c6 5. g3 Qb6 6. b3 h5 7. h4 a5 8. a3 Bf5
9. Bd3 Bxd3 10. Qxd3 g6 11. e4 dxe4 12. Qxe4+ Be7 13. Nf3 Qc7 14. O-O O-O 15. c4
Nd7 16. Re1 Rae8 17. Nbd2 Qb8 18. Qd3 f5 19. Ne5 Nxe5 20. dxe5 Bc5 21. Nf3 Re7
22. Qd2 Qd8 23. Qh6 f6 24. exf6 Rxf6 25. Rxe7 Qxe7 26. b4 Qf8 27. Qxf8+ Bxf8 28.
bxa5 f4 29. Kg2 fxg3 30. fxg3 Rf5 31. Rb1 Rxa5 32. Rxb7 Rxa3 33. Rb6 Ra2+ 34.
Kh3 Ra3 35. Ng5 Bd6 36. Ne4 Be5 37. Rxc6 Re3 38. Rxg6+ Kf7 39. Rg5 Rxe4 40. Rxh5
Re3 41. Rg5 Kf6 42. Rg8 Rc3 43. h5 Rxc4 44. h6 Rc1 45. Kg2 Rc7 46. Kf3 Rh7 47.
Ra8 Bd6 48. Ra6 Ke6 49. g4 Rxh6 50. g5 Rh4 51. Ra5 Be5 52. g6 Rf4+ 53. Ke3 Rg4
54. Kf3 Rxg6 55. Ra6+ Bd6 56. Ra5 Rg3+ 57. Ke4 Rg4+ 58. Kf3 Rc4 59. Ke3 Bc5+ 60.
Kf3 Kf5 61. Ra8 Rc3+ 62. Ke2 Bd4 63. Re8 Rb3 64. Rf8+ Ke4 65. Re8+ Be5 66. Rd8
Rb7 67. Rd2 Rg7 68. Kd1 Bf4 69. Rd8 Rg2 70. Re8+ Kf3 71. Rd8 Bg5 72. Rf8+ Ke4
73. Ke1 Be3 74. Re8+ Kd3 75. Rf8 Rg1+ 76. Rf1 Rg3 77. Rf8 Bc5 78. Rf6 Rg5 79.
Rf3+ Be3 80. Rf8 Rg4 81. Rf7 Rb4 82. Kf1 Rg4 83. Ke1 Re4 84. Kf1 Kd2 85. Rf8 Rg4
86. Rg8 Rf4+ 87. Kg2 Ke2 88. Ra8 Rg4+ 89. Kh3 Kf3 90. Rf8+ Bf4 91. Ra8 Rg5 92.
Ra3+ Be3 93. Kh4 Rb5 94. Ra4 Bf2+ 0-1

[Event "ch-AUS 2024"]
[Site "Adelaide AUS"]
[Date "2024.01.09"]
[Round "9.9"]
[White "Dragicevic, Domagoj"]
[Black "Li, Hui"]
[Result "1/2-1/2"]
[WhiteTitle "FM"]
[BlackTitle "CM"]
[WhiteElo "2040"]
[BlackElo "1988"]
[WhiteFideId "3203328"]
[BlackFideId "15400310"]
[EventDate "2024.01.02"]
[EventType "swiss"]

1. e4 e5 2. Nf3 Nf6 3. Nxe5 d6 4. Nf3 Nxe4 5. c4 Nc6 6. Nc3 Nxc3 7. dxc3 Bf5 8.
Nd4 Nxd4 9. Qxd4 Qe7+ 10. Be3 Qe4 11. Qxe4+ Bxe4 12. O-O-O O-O-O 13. Re1 Bc6 14.
Bd4 Rg8 15. Bd3 g6 16. Be4 Bxe4 17. Rxe4 f5 18. Re2 Bh6+ 19. Kc2 Rde8 20. Rhe1
Rxe2+ 21. Rxe2 Kd7 22. c5 dxc5 23. Bxc5 Bg5 1/2-1/2

[Event "ch-AUS 2024"]
[Site "Adelaide AUS"]
[Date "2024.01.09"]
[Round "9.10"]
[White "Leaver, Kyle"]
[Black "Salasan, Haran"]
[Result "1-0"]
[BlackTitle "CM"]
[WhiteElo "2062"]
[BlackElo "1952"]
[WhiteFideId "3228410"]
[BlackFideId "3221253"]
[EventDate "2024.01.02"]
[EventType "swiss"]

1. e4 e6 2. d4 d5 3. e5 c5 4. c3 Nc6 5. Nf3 Qb6 6. a3 Nh6 7. Bd3 cxd4 8. O-O Bd7
9. b4 a6 10. h3 Rc8 11. Bb2 dxc3 12. Nxc3 Qc7 13. Re1 b5 14. Rc1 Qb8 15. Qd2 Ng8
16. Bb1 Nge7 17. h4 Ng6 18. Qg5 Be7 19. Qg3 O-O 20. h5 Nh8 21. Ng5 g6 22. Nf3 a5
23. bxa5 b4 24. axb4 Qxb4 25. Nd1 Nxa5 26. Rxc8 Rxc8 27. Bd3 Ba4 28. Bd4 Nb3 29.
Be3 Nc5 30. Bd2 Qb8 31. Nd4 Nxd3 32. Qxd3 Bxd1 33. Rxd1 Qxe5 34. h6 Bf6 35. Qa6
Re8 36. Nf3 Qb2 37. Rc1 Qb8 38. Qc6 Qa8 39. Qc7 Qd8 40. Qc6 Qa8 41. Qc7 Qb8 42.
Qc6 Rd8 43. Ba5 Re8 44. Bc7 Qa8 45. Qd6 Qa4 46. Re1 Qc2 47. Bb6 Rc8 48. Qf4 Qc3
49. Be3 g5 50. Qg3 Qb4 51. Bxg5 Bxg5 52. Qxg5+ Ng6 53. Rc1 Rxc1+ 54. Qxc1 Qf8
55. Qe3 Qe7 56. Nd4 Qf6 57. g3 Ne5 58. Qc1 Nc4 59. Ne2 e5 60. Nc3 d4 61. Nd5 Qa6
62. Qg5+ 1-0

[Event "ch-AUS 2024"]
[Site "Adelaide AUS"]
[Date "2024.01.09"]
[Round "9.11"]
[White "Leong, Benjamin"]
[Black "Jordan, William"]
[Result "1-0"]
[WhiteTitle "CM"]
[BlackTitle "FM"]
[WhiteElo "1879"]
[BlackElo "2143"]
[WhiteFideId "3238512"]
[BlackFideId "3200876"]
[EventDate "2024.01.02"]
[EventType "swiss"]

1. e4 g6 2. d4 Bg7 3. c4 d6 4. Nc3 Nc6 5. Be3 e5 6. Nge2 f5 7. exf5 gxf5 8. g3
Nf6 9. h3 O-O 10. Qd2 f4 11. gxf4 exd4 12. Nxd4 Nxd4 13. Bxd4 Qe7+ 14. Be2 Bf5
15. Rg1 Rf7 16. O-O-O Kh8 17. Rde1 Qf8 18. Rg5 Ne8 19. Bh5 Bg6 20. Bxg6 hxg6 21.
Rxg6 c5 22. Bxg7+ Rxg7 23. Rh6+ Kg8 24. Nd5 Rg2 25. Ree6 Rg1+ 26. Kc2 Qf5+ 27.
Kb3 Kf7 28. Qe3 Kg7 29. Qc3+ Kg8 30. Qh8+ 1-0

[Event "ch-AUS 2024"]
[Site "Adelaide AUS"]
[Date "2024.01.09"]
[Round "9.12"]
[White "Rice, Leah"]
[Black "Bukreyev, Andriy"]
[Result "0-1"]
[BlackTitle "CM"]
[WhiteElo "1525"]
[BlackElo "1967"]
[WhiteFideId "5824605"]
[BlackFideId "3242730"]
[EventDate "2024.01.02"]
[EventType "swiss"]

1. d4 Nf6 2. c4 c5 3. d5 g6 4. Nc3 d6 5. e4 Bg7 6. Nf3 O-O 7. Be2 e6 8. O-O exd5
9. cxd5 a6 10. a4 b6 11. Ne1 Re8 12. Bg5 Qc7 13. Qc2 Nbd7 14. f4 Bb7 15. h3 c4
16. Nf3 Qc5+ 17. Kh2 b5 18. axb5 axb5 19. Rxa8 Bxa8 20. Ra1 b4 21. Bxf6 Nxf6 22.
Nd1 Bb7 23. e5 dxe5 24. Nxe5 Bxd5 25. Nxc4 Rxe2 26. Qxe2 Qxc4 27. Qxc4 Bxc4 28.
Ra8+ Bf8 29. Ne3 Be6 30. Rd8 Kg7 31. g4 Be7 32. Rd1 Bc5 33. Ng2 Ne4 34. Re1 Nd2
35. Re2 Nc4 36. Rc2 Bd4 37. f5 b3 38. Re2 gxf5 39. gxf5 Bxf5 40. Nh4 Bc2 41.
Rg2+ Kf8 42. Rg4 Be5+ 43. Kg1 Ne3 44. Rb4 Bxb2 45. Kf2 Nd1+ 46. Ke2 Bc3 47. Rb8+
Kg7 48. Nf5+ Kf6 49. Nd6 b2 0-1

[Event "ch-AUS 2024"]
[Site "Adelaide AUS"]
[Date "2024.01.09"]
[Round "9.13"]
[White "Annapureddy, Rheyansh Reddy"]
[Black "De Vas, Saminda"]
[Result "1-0"]
[WhiteElo "1866"]
[BlackElo "1801"]
[WhiteFideId "3244806"]
[BlackFideId "9905260"]
[EventDate "2024.01.02"]
[EventType "swiss"]

1. e4 c5 2. Nf3 Nc6 3. d4 cxd4 4. Nxd4 g6 5. c4 Bg7 6. Be3 Nf6 7. Nc3 O-O 8. Be2
d6 9. O-O Nxd4 10. Bxd4 Be6 11. b3 Qa5 12. Rc1 a6 13. Qd3 Nd7 14. Bxg7 Kxg7 15.
Rfd1 Rab8 16. Qd4+ Kg8 17. f4 Nf6 18. Rd3 b5 19. cxb5 axb5 20. f5 Bd7 21. g4 b4
22. g5 bxc3 23. gxf6 exf6 24. Rdxc3 Qxa2 25. Bc4 Bb5 26. fxg6 h6 27. Bxf7+ Rxf7
28. gxf7+ Kxf7 29. Rc7+ Kg6 30. Qd5 1-0

[Event "ch-AUS 2024"]
[Site "Adelaide AUS"]
[Date "2024.01.10"]
[Round "10.1"]
[White "Le, Tri Kien"]
[Black "Sardana, Rishi"]
[Result "1/2-1/2"]
[WhiteTitle "CM"]
[BlackTitle "IM"]
[WhiteElo "2243"]
[BlackElo "2470"]
[WhiteFideId "12411027"]
[BlackFideId "25004301"]
[EventDate "2024.01.02"]
[EventType "swiss"]

1. d4 Nf6 2. c4 e6 3. Nc3 Bb4 4. Qc2 d5 5. cxd5 exd5 6. Bg5 h6 7. Bh4 g5 8. Bg3
Ne4 9. e3 h5 10. f3 Nxg3 11. hxg3 Nc6 12. a3 Bxc3+ 13. Qxc3 Qd6 14. f4 Bg4 15.
Nh3 gxf4 16. gxf4 O-O-O 17. Ng5 Rde8 18. Kd2 Re7 19. Re1 f6 20. Nf3 Rg7 21. Qc5
Qxc5 22. dxc5 Bf5 23. Ke2 Ne7 24. Kf2 Kd7 1/2-1/2

[Event "ch-AUS 2024"]
[Site "Adelaide AUS"]
[Date "2024.01.10"]
[Round "10.2"]
[White "Soo, Kai Jie"]
[Black "Litchfield, Frederick"]
[Result "1-0"]
[WhiteTitle "FM"]
[BlackTitle "FM"]
[WhiteElo "2058"]
[BlackElo "2176"]
[WhiteFideId "5803454"]
[BlackFideId "3218295"]
[EventDate "2024.01.02"]
[EventType "swiss"]

1. d4 Nf6 2. c4 e6 3. g3 d5 4. Nf3 Bb4+ 5. Bd2 Be7 6. Bg2 O-O 7. O-O Nbd7 8. Qc2
c6 9. Bf4 a5 10. b3 Nh5 11. Bc1 a4 12. Ba3 Re8 13. e4 Bxa3 14. Nxa3 Qe7 15. c5
dxe4 16. Qxe4 Nhf6 17. Qe1 axb3 18. axb3 b6 19. Ne5 Nxe5 20. Qxe5 Nd5 21. Nc4
Rxa1 22. Rxa1 bxc5 23. Qd6 Rd8 24. Qxc5 Qxc5 25. dxc5 Bd7 26. Ra7 Be8 27. Nd6
Kf8 28. Bxd5 exd5 29. Rc7 Rb8 30. g4 f6 31. Nxe8 Kxe8 32. Rxc6 Rxb3 33. Rc7 d4
34. Kf1 d3 35. Ke1 g5 36. Kd2 h6 37. Rh7 Kd8 38. f3 Rb5 39. Rxh6 1-0

[Event "ch-AUS 2024"]
[Site "Adelaide AUS"]
[Date "2024.01.10"]
[Round "10.3"]
[White "Asaka, Samuel"]
[Black "Liu, Yi"]
[Result "1/2-1/2"]
[BlackTitle "FM"]
[WhiteElo "2125"]
[BlackElo "2260"]
[WhiteFideId "3228690"]
[BlackFideId "3210588"]
[EventDate "2024.01.02"]
[EventType "swiss"]

1. d4 d5 2. c4 e6 3. Nf3 Nf6 4. g3 dxc4 5. Bg2 Bb4+ 6. Bd2 a5 7. a3 Bxd2+ 8.
Nbxd2 b5 9. b3 cxb3 10. Qxb3 c6 11. O-O O-O 12. e3 Nbd7 13. Rfc1 Qb6 14. Ne1 Bb7
15. Nd3 Rfc8 16. Qb2 Ba6 17. Nb3 b4 18. Ndc5 Bb5 19. axb4 axb4 20. Qd2 Rxa1 21.
Rxa1 Bc4 22. Ra4 Rb8 23. Qc1 Bxb3 24. Nxb3 Nd5 25. Qc4 Qb5 26. Qxb5 cxb5 27. Ra7
N7b6 28. Nc5 g6 29. Ra1 Na4 30. Nd3 b3 31. Rb1 b2 32. Bxd5 exd5 33. Nxb2 Nc3 34.
Ra1 Ne4 35. Nd3 Rc8 36. Rb1 Rc3 37. Nf4 Rc2 38. Nxd5 Nxf2 39. Rxb5 Ng4 40. h3
Nh2 41. Nf4 Nf3+ 42. Kf1 f5 43. Rb7 Rd2 44. Ne2 Ng5 45. Nf4 Nf3 46. Ne2 Ng5 47.
g4 Rd1+ 48. Kg2 Rd2 49. Kf1 Rd1+ 50. Kg2 Rd2 51. Kf1 1/2-1/2

[Event "ch-AUS 2024"]
[Site "Adelaide AUS"]
[Date "2024.01.10"]
[Round "10.4"]
[White "Nguyen Hong Anh"]
[Black "Tao, Trevor"]
[Result "0-1"]
[WhiteTitle "WIM"]
[BlackTitle "IM"]
[WhiteElo "2020"]
[BlackElo "2364"]
[WhiteFideId "12406732"]
[BlackFideId "3201961"]
[EventDate "2024.01.02"]
[EventType "swiss"]

1. d4 Nf6 2. c4 c6 3. Nc3 d5 4. Nf3 a6 5. e3 Bf5 6. cxd5 cxd5 7. Qb3 Ra7 8. Bd2
e6 9. Qa4+ Nbd7 10. Rc1 Ra8 11. Be2 h6 12. O-O Bd6 13. Qb3 b5 14. a4 b4 15. Na2
a5 16. Rc6 Nb8 17. Rcc1 O-O 18. Bb5 Ne4 19. Be1 Nd7 20. Nd2 Nxd2 21. Bxd2 Nf6
22. f3 Qb8 23. f4 Ne4 24. Be1 g5 25. Bc6 Ra7 26. Bxd5 exd5 27. Qxd5 Bh7 28. g3
Nf6 29. Qg2 Bd3 30. Qh3 Bxf1 31. Qxh6 Ne4 32. Kxf1 Rc8 33. Rd1 Rc2 34. Nc1 Qc8
35. Nd3 Qg4 0-1

[Event "ch-AUS 2024"]
[Site "Adelaide AUS"]
[Date "2024.01.10"]
[Round "10.5"]
[White "Solomon, Stephen J"]
[Black "Ryjanova, Julia"]
[Result "1-0"]
[WhiteTitle "IM"]
[BlackTitle "WGM"]
[WhiteElo "2277"]
[BlackElo "2285"]
[WhiteFideId "3200043"]
[BlackFideId "4127714"]
[EventDate "2024.01.02"]
[EventType "swiss"]

1. e4 c6 2. d4 d5 3. Nd2 dxe4 4. Nxe4 Nf6 5. Nxf6+ exf6 6. Be3 Bd6 7. Bd3 O-O 8.
Ne2 Re8 9. O-O Qc7 10. h3 Be6 11. c4 Nd7 12. Rc1 Qa5 13. c5 Bb8 14. b4 Qd8 15.
Qd2 a6 16. Rfe1 Nf8 17. Nc3 Ng6 18. Bxg6 hxg6 19. Bf4 Bxf4 20. Qxf4 Qd7 21. Rcd1
Rad8 22. h4 Bg4 23. f3 Rxe1+ 24. Rxe1 Be6 25. Rd1 Bd5 26. Kf2 Re8 27. Rd3 Bc4
28. Re3 Rd8 29. a3 Kf8 30. Re1 Qxd4+ 31. Qxd4 Rxd4 32. Re4 Rxe4 33. Nxe4 a5 34.
bxa5 Ke7 35. Ke3 Ke6 36. Kd4 Ba6 37. g3 Be2 38. f4 Ba6 39. Nd6 Ke7 40. a4 f5 41.
Ke5 f6+ 42. Kd4 Kf8 43. Ke3 Ke7 44. Kd4 Kf8 45. Kc3 Ke7 46. Kb3 Kf8 47. Kb4 Ke7
48. Kc3 Kf8 49. Kd4 Ke7 50. h5 gxh5 51. Nxf5+ Kf7 52. Nd6+ Kg6 53. Ke4 h4 54.
gxh4 Kh5 55. Kf5 Kxh4 56. Kg6 Kg4 57. f5 Kf4 58. Kxg7 Ke5 59. Kf7 Bd3 60. Ke7
Bxf5 61. Nxf5 Kxf5 62. Kd6 Kg5 63. Kc7 f5 64. Kxb7 f4 65. a6 f3 66. a7 f2 67.
a8=Q f1=Q 68. Qd8+ Kg4 69. Qd7+ Kg5 70. Qxc6 Qf7+ 71. Kb6 Qb3+ 72. Qb5 Qe6+ 73.
c6+ Kf6 74. a5 Ke7 75. Qc5+ Ke8 76. a6 Qb3+ 77. Ka7 Kd8 78. Qd6+ Ke8 79. Qb8+ 1-0

[Event "ch-AUS 2024"]
[Site "Adelaide AUS"]
[Date "2024.01.10"]
[Round "10.6"]
[White "Melamed, Daniel"]
[Black "Zhang, Jilin"]
[Result "1-0"]
[WhiteTitle "CM"]
[BlackTitle "WGM"]
[WhiteElo "1988"]
[BlackElo "2170"]
[WhiteFideId "3229076"]
[BlackFideId "8602867"]
[EventDate "2024.01.02"]
[EventType "swiss"]

1. d4 Nf6 2. Bg5 e6 3. e3 Be7 4. Bd3 d6 5. Nf3 Nbd7 6. O-O b6 7. Nbd2 Bb7 8. c3
h6 9. Bh4 c5 10. a4 O-O 11. Re1 Re8 12. e4 cxd4 13. cxd4 e5 14. a5 bxa5 15. Nc4
exd4 16. Nxa5 Qb6 17. Nxb7 Qxb7 18. Nxd4 Qxb2 19. Nb5 Red8 20. Re2 Qb4 21. Ra4
Qc5 22. Rc2 Qb6 23. Nd4 Nc5 24. Ra1 g6 25. Rb1 Qc7 26. Qf3 Nh7 27. Bxe7 Qxe7 28.
Nc6 Qd7 29. Nxd8 Rxd8 30. Qe3 Nf6 31. f3 Qe7 32. Rd1 h5 33. Qd4 Nfd7 34. Bc4 Ne5
35. Bd5 h4 36. f4 Ned7 37. Bc6 Nf8 38. f5 Na6 39. f6 Qe6 40. e5 Qf5 41. Rf2 Qg5
42. exd6 Ne6 43. Qxa7 Nb4 44. Qb6 Qg4 45. Bf3 Qf4 46. d7 Kh7 47. Qd6 Qc4 48. Qe7
Nd3 49. Qxf7+ Kh6 50. Rxd3 Qxd3 51. Qxe6 1-0

[Event "ch-AUS 2024"]
[Site "Adelaide AUS"]
[Date "2024.01.10"]
[Round "10.7"]
[White "Lane, Gary W"]
[Black "Phan, Nguyen Mai Chi"]
[Result "1-0"]
[WhiteTitle "IM"]
[BlackTitle "WFM"]
[WhiteElo "2342"]
[BlackElo "2122"]
[WhiteFideId "3203301"]
[BlackFideId "12401684"]
[EventDate "2024.01.02"]
[EventType "swiss"]

1. e4 c5 2. Nf3 d6 3. d4 cxd4 4. Qxd4 Nc6 5. Bb5 Qa5+ 6. Nc3 Bd7 7. Bxc6 Bxc6 8.
Bd2 e6 9. Qd3 h6 10. Nd4 Qc7 11. f4 Nf6 12. O-O-O Be7 13. Rhe1 a6 14. Qg3 Rg8
15. e5 dxe5 16. fxe5 Nd5 17. Ne4 O-O-O 18. Kb1 Kb8 19. Rf1 Be8 20. Bxh6 Nb4 21.
Nc3 Rc8 22. Bg5 b5 23. a3 Bxg5 24. Qxg5 Nc6 25. Nxc6+ Bxc6 26. g3 a5 27. Qf4
Rgf8 28. Rd4 Ka8 29. Re1 Rh8 30. h4 Rb8 31. Ne4 Rb7 32. Nd6 Ra7 33. Re3 Rb8 34.
g4 Bd5 35. Rc3 Qd7 36. h5 b4 37. axb4 axb4 38. Rxb4 Rd8 39. Ra3 Rxa3 40. bxa3
Bc6 41. Qc4 Bd5 42. Ra4+ Kb8 43. Qb4+ Bb7 44. Ra5 Qc6 45. Rb5 Qh1+ 46. Kb2 Rd7
47. Rxb7+ Rxb7 48. Qxb7+ Qxb7+ 49. Nxb7 Kxb7 50. g5 1-0

[Event "ch-AUS 2024"]
[Site "Adelaide AUS"]
[Date "2024.01.10"]
[Round "10.8"]
[White "Leong, Benjamin"]
[Black "Dragicevic, Domagoj"]
[Result "1/2-1/2"]
[WhiteTitle "CM"]
[BlackTitle "FM"]
[WhiteElo "1879"]
[BlackElo "2040"]
[WhiteFideId "3238512"]
[BlackFideId "3203328"]
[EventDate "2024.01.02"]
[EventType "swiss"]

1. e4 c5 2. Nc3 d6 3. f4 g6 4. Nf3 Bg7 5. Bc4 Nc6 6. O-O e6 7. d4 cxd4 8. Nb5
Nge7 9. Bb3 O-O 10. Nbxd4 Na5 11. Be3 a6 12. Qd2 Qc7 13. Rfd1 b5 14. a4 Nxb3 15.
cxb3 Qb7 16. Qd3 Bd7 17. Ne2 Bc6 18. Ng3 Bxb2 19. Rab1 Bg7 20. Bd4 Rfd8 21. Bxg7
Kxg7 22. f5 e5 23. f6+ Kxf6 24. Qd2 Kg7 25. Qg5 Ng8 26. Nf5+ Kf8 27. Nxd6 Qb6+
28. Kh1 f6 29. Qd2 Bxe4 30. Qb4 Bxb1 31. Nc4+ Kg7 32. Nxb6 Rxd1+ 33. Ng1 Rad8
34. h3 R8d2 35. Kh2 e4 36. Qc5 Bd3 37. Nd7 Bb1 38. Nb6 1/2-1/2

[Event "ch-AUS 2024"]
[Site "Adelaide AUS"]
[Date "2024.01.10"]
[Round "10.9"]
[White "Bukreyev, Andriy"]
[Black "Leaver, Kyle"]
[Result "1/2-1/2"]
[WhiteTitle "CM"]
[WhiteElo "1967"]
[BlackElo "2062"]
[WhiteFideId "3242730"]
[BlackFideId "3228410"]
[EventDate "2024.01.02"]
[EventType "swiss"]

1. e4 c5 2. c3 Nf6 3. e5 Nd5 4. d4 cxd4 5. cxd4 d6 6. Bc4 Nb6 7. Bb3 dxe5 8. Qh5
e6 9. dxe5 Qd3 10. Qe2 Qxe2+ 11. Nxe2 Nc6 12. f4 g5 13. Nbc3 gxf4 14. Nb5 Bb4+
15. Nec3 O-O 16. Bxf4 Nd7 17. Bh6 Rd8 18. Bg5 Rf8 19. Bh6 Rd8 20. Bg5 Be7 21.
Bxe7 Nxe7 22. O-O-O Nc6 23. Rhe1 Kf8 24. Nc7 Rb8 25. Bxe6 Ndxe5 26. Rxd8+ Nxd8
27. Rxe5 Bxe6 28. Nxe6+ fxe6 29. Kd2 Rc8 30. Nb5 a6 31. Nd4 Kf7 32. g4 Kf6 33.
Rh5 Rc7 34. h4 Kg6 35. Rg5+ Kf6 36. Rh5 Kg6 37. Rg5+ Kf6 38. Rh5 Kg6 1/2-1/2